000 00279nam a2200109Ia 4500
008 220204s9999 xx 000 0 und d
082 _a33(51)
_bAZI
100 _aAZIZ, Sartaj
245 0 _aRural development: Learning from China
260 _aLondon
_bMacmillan
_c1978
942 _cBK
999 _c32570
_d32570